Capoluoghi di Provincia contenenti la lettera S - Statistics

Statistiche generali
  • Questo quiz è stato fatto 138 volte
  • Il punteggio medio è 28 su 32
Statistiche sulle risposte
Lunghezza in lettere Capoluogo % Corretto
6 Savona
100%
8 Siracusa
96%
7 Sassari
94%
7 Sondrio
94%
11 Alessandria
92%
4 Asti
92%
4 Pisa
92%
5 Siena
92%
8 La Spezia
91%
7 Pistoia
91%
7 Messina
90%
7 Brescia
88%
8 Grosseto
87%
5 Massa
87%
7 Salerno
87%
7 Trieste
87%
7 Caserta
86%
7 Cosenza
86%
12 Ascoli Piceno
85%
8 Brindisi
85%
10 Campobasso
85%
9 Frosinone
85%
7 Isernia
85%
13 Caltanissetta
83%
7 Pescara
83%
6 Ragusa
82%
7 Treviso
81%
6 Varese
81%
5 Aosta
79%
6 Cesena
79%
6 Pesaro
79%
8 Oristano
73%
Nessun quiz corrispondente trovato
Distribuzione punteggi
Percentuale di utenti per punteggio
Percentile per numero di risposta
I tuoi punteggi nel tempo
Non hai fatto questo quiz